| 000 | 00766nam a22002177a 4500 | ||
|---|---|---|---|
| 999 |
_c3179 _d3179 |
||
| 003 | AR-CdUCM | ||
| 008 | 190306b ||||| |||| 00| 0 spa d | ||
| 020 | _a84-278-0918-2 | ||
| 040 |
_aMUNICIPALIDAD PROVINCIAL DEL CUSCO _cBIBLIOTECA MUNICIPAL DEL CUSCO |
||
| 082 |
_a858.8 / _bSA18D |
||
| 100 |
_aSalgari, Emilio _9800 |
||
| 245 | _aEl desquite de Sandokán / | ||
| 260 |
_aBarcelona : _bNauta, _c1984. |
||
| 300 |
_a188 páginas ; _c18 cm. |
||
| 440 |
_n8 _910691 |
||
| 505 | _aContenido: El asedio -- Entre el fuego y las pitones -- Los malayos atacan -- El poblado de los negritos -- Los sargentos instructores -- El asalto de los rinocerontes ... | ||
| 650 |
_aNovelas italianas _99329 |
||
| 650 |
_aSiglo XIX _9971 |
||
| 942 |
_2ddc _cLIBROS |
||
| 945 | _aafb | ||